00497nam a2200169 a 4500008004100000020001800041050001600059100001700075245007900092250001200171260004300183300001600226350000900242500003200251650002100283650002300304100726s2010 ||||||||||||||||| || u a9780138150372 aT 57.62 Dis aBanks, Jerry10aDiscrete-event system simulation. -- 5th ed.cby Jerry Banks, [and others] a5th ed. aUpper Saddle River, NJ:bPearsonc2010 a640p.: ill. a0.00 aIncludes Index and Appendix 7aTECHNOLOGY2fast aSIMULATION METHODS